• 首页
  • 本馆介绍
  • 公告通知
  • 最新文献
  • 馆藏检索
  • 电子资源
  • 读者导购
  • 参考咨询
  • 我的图书馆
  • 登录
  • 详细信息显示
  • 放入我的书架
  • 预约/预借图书
  • 作者相关作品
  • 分类相关作品
  • 丛书相关作品
  • 出版社相关作品

书目信息

  • 表格格式
  • 工作单格式
  • 卡片格式
题名:
水景摄影技法
    
 
作者: 加藤庸二 著
分册:  
出版信息: 长春   吉林科学技术出版社  1999.1
页数: 175页
开本: 20cm
丛书名: 图解摄影技法译丛
单 册:
中图分类: J414
科图分类:
主题词: 夜间摄影--摄影艺术
电子资源:
ISBN: 7-5384-2051-7
000 00628nam2 2200217 45
001 0012251550
005 20041122104941.0
010    @a7-5384-2051-7@dCNY31.50
100    @a20001225d1999 km y0chiy0120 ea
101 0  @achi@cjpn
105    @a z 000yy
200 1  @a水景摄影技法@AShui Jing She Ying Ji Fa@f(日)加藤庸二著@F(Ri)Jia Teng Yong Er Zhu
210    @a长春@c吉林科学技术出版社@d1999.1
215    @a175页@c彩图@d20cm
225    @a图解摄影技法译丛
410    @12001 @a图解摄影技法译丛
606 0  @a夜间摄影@x摄影艺术
690    @aJ414@v1
701  0 @a加藤庸二@4著
801    @aCN@bTSTC@c20001225
905    @dJ414@e102
    
    水景摄影技法/(日)加藤庸二著.-长春:吉林科学技术出版社,1999.1
    175页:彩图;20cm.-(图解摄影技法译丛)
    
    
    ISBN 7-5384-2051-7:CNY31.50
    
●
相关链接 在E读中查询图书 在五车中查询图书 在当当中查询图书 在豆瓣中查询图书


正题名:水景摄影技法     索取号:J414/102         预约/预借

序号 登录号 条形码 馆藏地/架位号 状态 备注
1 0294224   002942249   第一借阅区/ [索取号:J414/102] 在馆    
2 0294225   002942258   第一借阅区/ [索取号:J414/102] 在馆    
3 0294226   002942267   第一样本阅览室/ [索取号:J414/102] 在馆    
4 0294227   002942276   第一借阅区/ [索取号:J414/102] 在馆    
5 0294228   002942285   第一借阅区/ [索取号:J414/102] 在馆    
唐山师范学院图书馆 欢迎您!
大连网信软件有限公司© 版权所有